Countries with multiple FIFA national football teams - Statistics

General Stats
  • This quiz has been taken 1,593 times
  • The average score is 16 of 31
Answer Stats
Countries Teams % Correct
United Kingdom United Kingdom
90%
United Kingdom England
89%
United Kingdom Scotland
85%
United Kingdom Wales
85%
United Kingdom Northern Ireland
82%
France France
81%
United States United States
78%
China China
59%
China China PR
59%
Netherlands Netherlands
58%
Denmark Denmark
54%
United States Puerto Rico
53%
United Kingdom Gibraltar
51%
Denmark Faroe Islands
50%
China Hong Kong
50%
United States U.S. Virgin Islands
48%
United States Guam
47%
China Macau
43%
United States American Samoa
40%
Netherlands Aruba
40%
Netherlands Curacao
40%
United Kingdom British Virgin Islands
39%
United Kingdom Bermuda
37%
New Zealand New Zealand
35%
France Tahiti
30%
France New Caledonia
28%
United Kingdom Cayman Islands
27%
United Kingdom Anguilla
26%
United Kingdom Montserrat
26%
New Zealand Cook Islands
25%
United Kingdom Turks and Caicos Islands
20%
No matching quizzes found
Score Distribution
Percent of People with Each Score
Percentile by Number Answered
Your Score History
You have not taken this quiz